| 000 | 00366cam a2200169ua 4500 | ||
|---|---|---|---|
| 001 | 65 | ||
| 008 | 150302n II |||gr||||Z||||||eng | ||
| 040 | _aMAIN | ||
| 041 | _aEnglish | ||
| 082 | _a413 OXF | ||
| 100 | _aXXX. | ||
| 245 | _aOXFORD DICTIONARY | ||
| 260 |
_aNEW DELHI _bOXFORD UNIVERSITY PRESS |
||
| 300 |
_a000: _c20CM. |
||
| 653 | _aDictionaries | ||
| 942 | _cBK | ||
| 999 |
_c65 _d65 |
||